00660nac a22001931u 4500020001500000082001700015090001500032100003400047245005100081250001200132260004200144300002100186500002000207650005300227650004800280942001900328999001500347952010400362 a981243683900a344.1bG9818 c1132d1132 aGurusamy, S. 00aFinancial Services and Markets /cS. Gurusamy. a1st ed. aAustralia :bThomson Learning;c2004. a806 p. :c24 cm. aIncludes index. 0aFinancial services industryxLaw and legislation 0aFinancial institutionsxLaw and legislation cBBk344.1G9818 c1132d1132 00104070aMAINbMAINc1STd2006-08-22ePurchasel1o344.1 GURp000003362r2025-07-15 00:00:00yBB